000 00254nam a22001217a 4500
003 SGT
082 _a350.007
_bO11P
100 _aPATHAK, HARSH
245 _aORGANISATIONAL CHANGE
260 _aINDIA
_bPEARSON
_c2011
300 _a378
942 _2ddc
_cBK
999 _c14967
_d14967